Dışarıdan (Record no. 8703)

MARC details
000 -BAŞLIK
Sabit Uzunlukta Kontrol Alanı 00914na a2200289 4500
001 - KONTROL NUMARASI
Denetim Alanı 21467
003 - KONTROL NUMARASI IDENTIFIER
Denetim Alanı MIRAKIL
005 - SON İŞLEM TARİHİ VE ZAMANI
Denetim Alanı 20181213155222.0
008 - SABİT-BOY VERİ ELEMANLARI - GENEL BİLGİLER
Sabit Uzunlukta Kontrol Alanı 170511b tu 000 0
020 ## - ULUSLARARASI STANDART KİTAP NUMARASI
Uluslararası Standart Kitap Numarası 9786054777242
035 ## - SİSTEM KONTROL NUMARASI
Sistem Kontrol Numarası 18244
040 ## - KATALOGLAMA KAYNAK
Orijinal Kataloglama Ajansı Milas
Kataloglama Dili tur
Metne Dönüştürmek Ajansı TR-AnCHP
041 ## - DİL KODU
Metin / Ses Parça Veya Ayrı Başlığın Dil Kodu tur
082 ## - DEWEY ONLU SINIFLANDIRMA NUMARASI
Sınıflandırma Numarası 327.561
Ürün Numarası S23d 2013
090 ## - SINIFLAMA NUMARASI
Sınıflama Numarası 327.561 S23d 2013
100 ## - ANA GİRİŞ - KİŞİSEL İSİM
Kişisel Ad Sağlar, Fikri
Bir Adıyla İlişkilendirilen Tarihler 1953-
245 ## - BAŞLIK TABLOSU
Başlık Dışarıdan
Başlığın Kalan Ortadoğu'dan Avrupa'ya, dünya aynasında Türkiye
Sorumluluk Tablosu, Vb Fikri Sağlar
246 ## - UNVAN FORM VARYING
Başlık Doğru / Kısa Başlığı Ortadoğu'dan Avrupa'ya, dünya aynasında Türkiye
260 ## - YAYIN, DAĞITIM, VB
Yayın, Dağıtım, Vb Yeri İstanbul
Yayıncı, Dağıtıcı, Vs Adı Siyah Beyaz Kitap
Yayın, Dağıtım, Vb Tarihi 2013
300 ## - FİZİKSEL TANIM
Kapsam 94 s.
Boyutlar 21 sm.
500 ## - GENEL NOT
Genel Not Yapıt yazarından imzalıdır.
610 ## - KONU KATMA GİRİŞ - TOPLANTI ADI
Giriş Elemanı Olarak Kurumsal Ad Veya Yargı Alanı Adı AKP
Alt Birim Siyaset ve Yönetim
-- 2002-
610 ## - KONU KATMA GİRİŞ - TOPLANTI ADI
Giriş Elemanı Olarak Kurumsal Ad Veya Yargı Alanı Adı AKP
Alt Birim Dış politikalar
-- 2010-
650 ## - KONU KATMA GİRİŞ - TOPİKAL DÖNEM
Topikal Süreli Veya Coğrafi Ad Giriş Elemanı Uluslararası ilişkiler
Genel Alt Bölümü Ortadoğu
Coğrafi Alt Bölümü Türkiye
651 ## - KONU KATMA GİRİŞ - COĞRAFİ ADI
Coğrafi İsim Türkiye
Form Alt Bölümü 2010-
-- Siyasi koşullar
942 ## - EKLENDİ GİRİŞ ELEMANLARI (KOHA)
Sınıflandırma Veya Raf Düzeni Kaynak
Koha Öğesi Türü Books
999 ## - SİSTEM KONTROL NUMARALARI (KOHA)
Koha Biblionumber 8703
Koha Biblioitemnumber 8703
Holdings
Kalıcı Konum Mevcut Konum Edinme Tarihi Edinim Kaynak Toplam Check-Out'Lar Tam Çağrı Numarası Barkod Tarih Son Görülme İtibaren Geçerli Fiyatlar Koha Öğesi Türü Kopya Sayısı
CHP Kütüphanesi CHP Kütüphanesi 05/11/2017 Bağış   327.561 S23d 2013 009465 05/11/2017 05/11/2017 Books  
CHP Kütüphanesi CHP Kütüphanesi 02/04/2017 Bağış   327.561 S23d 2013 015525 02/04/2017 02/04/2017 Books k.2
Parti Okulu Kütüphanesi Parti Okulu Kütüphanesi 05/11/2017 Bağış   327.561 S23d 2013 P00684 05/11/2017 05/11/2017 Books